Statistics for Titanfall 2 Titans

Click here to take the quiz!

General Stats

  • This quiz has been taken 446 times
  • The average score is 6 of 9

Answer Stats

Titan% Correct
Scorch
92%
Ronin
90%
Ion
87%
Monarch
84%
Northstar
84%
Legion
83%
Tone
77%
Brute
33%
Expedition
14%

Score Distribution

Percentile by Number Answered

Percent of People with Each Score

Your Score History

You have not taken this quiz